| 000 | 00643nam a2200217Ia 4500 | ||
|---|---|---|---|
| 008 | 140110s9999 xx 000 0 und d | ||
| 020 |
_a9780199544196 _cRs 995 |
||
| 040 | _aLoreto College | ||
| 041 | _aEnglish | ||
| 082 |
_a379.26/UNE _bLCLIB/47951 |
||
| 245 |
_aEFA Global Monitoring Report 2009 _bOvercoming inequality : why governance matters |
||
| 260 |
_aParis _bUNESCO _c2008 |
||
| 300 |
_ax,463p _b Tables, figures, maps, text boxes _c26 cm |
||
| 504 | _aIncludes references and index | ||
| 630 | _aEducation For All | ||
| 630 | _aUNESCO | ||
| 650 | _aEFA | ||
| 651 | _aEducation | ||
| 850 | _aLCLIB/379.26/UNE | ||
| 942 | _cBK | ||
| 999 |
_c36405 _d86884 |
||